La eucaristía, luz y vida del nuevo milenio : texto base /
Uloženo v:
| Korporace: | , |
|---|---|
| Další autoři: | |
| Médium: | Konferenční příspěvek Kniha |
| Jazyk: | španělština |
| Témata: | |
| Tagy: |
Žádné tagy, Buďte první, kdo vytvoří štítek k tomuto záznamu!
|
MARC
| LEADER | 00000nam^a2200000^a^4500 | ||
|---|---|---|---|
| 001 | 000186982 | ||
| 005 | 20250521000000.0 | ||
| 009 | 20260310102244.095 | ||
| 037 | |a Acervo ITESO - Biblioteca | ||
| 041 | |a ESP | ||
| 082 | |a 234. 163 |b IGL | ||
| 110 | |a Iglesia Católica en México, Guadalajara. |b Diócesis de Guadalajara | ||
| 245 | 1 | 3 | |a La eucaristía, luz y vida del nuevo milenio : |b texto base / |c Presen. de J. Sandoval Iñiguez. |
| 264 | |a Guadalajara, México : |b Arquidiócesis de Guadalajara, |c 2002 | ||
| 300 | |a 51 p. | ||
| 336 | |a texto |b txt |2 rdacontenido | ||
| 337 | |a sin mediación |b n |2 rdamedio | ||
| 338 | |a volumen |b nc |2 rdasoporte | ||
| 649 | |a XX | ||
| 650 | |a Eucaristía | ||
| 650 | |a Sacramentos | ||
| 650 | |a Teología Doctrinal | ||
| 650 | |a Iglesia Católica - |x Congresos | ||
| 650 | |a Catolicismo | ||
| 650 | |a Cristianismo | ||
| 650 | |a Religión | ||
| 711 | |a Congreso Eucarístico Internacional ( |n 48º : |d 2004 : |c Guadalajara, México) | ||
| 700 | |a Sandoval Iñiguez, Juan |e (presentación) | ||
| 910 | |a Fondo General | ||
| 920 | |a Impresos - Libros | ||
| 930 | |a Colección General | ||
| 905 | |a 101 | ||
| 901 | |a 0500129026 |b IT1 |c ACC |u 20250521 | ||
| 902 | |a https://opac.biblio.iteso.mx/vufind/Record/000186982 | ||